000 00294nam a22001337a 4500
008 180130b xxu||||| |||| 00| 0 eng d
020 _a9780748723867
041 _aeng
080 _a615.83
100 _a8
101 _aekz
245 _aphysical education sport
_cjohn.h
942 _2udc
_cBK
999 _c41244
_d41244